[Event "China Elite Mind blitz (Women)"]
[Site "Huaian"]
[Date "2016.03.01"]
[Round "23"]
[White "Zhao, Xue"]
[Black "Kosteniuk, Alexandra"]
[Result "0-1"]
[WhiteElo "2506"]
[BlackElo "2554"]
[PlyCount "156"]
[EventDate "2016.02.28"]
[EventType "tourn (blitz)"]
[EventRounds "30"]
[EventCountry "CHN"]
[EventCategory "10"]
[SourceTitle "CBM 171 Extra"]
[Source "ChessBase"]
[SourceDate "2016.04.26"]
[SourceVersion "1"]
[SourceVersionDate "2016.04.26"]
[SourceQuality "1"]

1. Nf3 d5 2. c4 e6 3. b3 Nf6 4. Bb2 c5 5. cxd5 exd5 6. g3 Nc6 7. Bg2 d4 8. O-O
Be7 9. e3 O-O 10. Na3 Bf5 11. exd4 cxd4 12. Nc4 d3 13. Re1 Nb4 14. Nd4 Bg4 15.
Bf3 Bxf3 16. Qxf3 Bc5 17. a3 Bxd4 18. Bxd4 Nc2 19. Bb2 Nxe1 20. Rxe1 Qd5 21.
Qf4 Rfe8 22. Ne3 Qe4 23. Qg5 h6 24. Qb5 Qf3 25. Qxd3 Ne4 26. Qe2 Qxe2 27. Rxe2
Nc5 28. b4 Nd3 29. Bc3 Re6 30. f4 Rc8 31. Kg2 Rcc6 32. Kf3 Ra6 33. f5 Re8 34.
g4 Rxa3 35. h4 b6 36. g5 hxg5 37. hxg5 a5 38. bxa5 bxa5 39. Rh2 Nc5 40. Nd5 Ne4
41. f6 Nxg5+ 42. Kg4 Nh7 43. Ne7+ Rxe7 44. fxe7 Ra4+ 45. Kg3 Re4 46. Kf3 Rxe7
47. Rh5 a4 48. Ra5 f6 49. Rxa4 Ng5+ 50. Kg4 Re4+ 51. Rxe4 Nxe4 52. Ba5 Kf7 53.
Kf5 Nc5 54. Bc3 g6+ 55. Kf4 Ne6+ 56. Ke4 g5 57. Kf5 Ng7+ 58. Kg4 Kg6 59. d4 f5+
60. Kf3 Ne8 61. d5 Kf7 62. Be5 Ke7 63. Ke3 Nf6 64. Kd4 Nd7 65. Bg7 Kf7 66. Bh8
Kg8 67. Be5 Nxe5 68. Kxe5 f4 69. Ke6 Kf8 70. Kd7 f3 71. d6 f2 72. Kc8 f1=Q 73.
d7 Qa6+ 74. Kc7 Qa5+ 75. Kc8 Qc5+ 76. Kb7 Qd6 77. Kc8 Qc6+ 78. Kd8 Qxd7+ 0-1

[Event "China Elite Mind blitz (Women)"]
[Site "Huaian"]
[Date "2016.03.01"]
[Round "24"]
[White "Kosteniuk, Alexandra"]
[Black "Paehtz, Elisabeth"]
[Result "1-0"]
[WhiteElo "2554"]
[BlackElo "2472"]
[PlyCount "69"]
[EventDate "2016.02.28"]
[EventType "tourn (blitz)"]
[EventRounds "30"]
[EventCountry "CHN"]
[EventCategory "10"]
[SourceTitle "CBM 171 Extra"]
[Source "ChessBase"]
[SourceDate "2016.04.26"]
[SourceVersion "1"]
[SourceVersionDate "2016.04.26"]
[SourceQuality "1"]

1. e4 e6 2. d4 d5 3. Nc3 Bb4 4. e5 c5 5. a3 Bxc3+ 6. bxc3 Ne7 7. h4 Qc7 8. Nf3
b6 9. h5 h6 10. Bd3 Ba6 11. O-O Bxd3 12. cxd3 Nd7 13. dxc5 Nxc5 14. Re1 O-O 15.
Nd4 Nc6 16. Qg4 Nxe5 17. Qg3 f6 18. Bxh6 Qf7 19. Rad1 Kh7 20. Bf4 Ncd7 21. Qh3
Rae8 22. Nb5 Qe7 23. d4 Nc4 24. Nc7 Qf7 25. Nxe6 Rh8 26. Qf5+ Kg8 27. Qxd5 Rxh5
28. Qxc4 b5 29. Qc6 Rh7 30. Nc7 Rxe1+ 31. Rxe1 Qh5 32. Re8+ Nf8 33. Qe6+ Qf7
34. Rxf8+ Kxf8 35. Bd6+ 1-0

[Event "China Elite Mind blitz (Women)"]
[Site "Huaian"]
[Date "2016.03.01"]
[Round "25"]
[White "Lagno, Kateryna"]
[Black "Kosteniuk, Alexandra"]
[Result "1-0"]
[WhiteElo "2529"]
[BlackElo "2554"]
[PlyCount "99"]
[EventDate "2016.02.28"]
[EventType "tourn (blitz)"]
[EventRounds "30"]
[EventCountry "CHN"]
[EventCategory "10"]
[SourceTitle "CBM 171 Extra"]
[Source "ChessBase"]
[SourceDate "2016.04.26"]
[SourceVersion "1"]
[SourceVersionDate "2016.04.26"]
[SourceQuality "1"]

1. c4 e5 2. Nc3 Nf6 3. Nf3 Nc6 4. g3 Bc5 5. Bg2 d6 6. O-O O-O 7. e3 a6 8. d4
Ba7 9. h3 Re8 10. a3 h6 11. b4 Bf5 12. Bb2 Qd7 13. dxe5 dxe5 14. Qxd7 Bxd7 15.
Nd5 Nxd5 16. cxd5 Ne7 17. Nxe5 Bb5 18. Rfd1 Rad8 19. a4 Be2 20. Rd2 Bh5 21. g4
Bg6 22. Rad1 Bb8 23. b5 axb5 24. axb5 Bh7 25. Nc4 Nc8 26. d6 Nxd6 27. Nxd6 cxd6
28. Bxb7 Be4 29. Bxe4 Rxe4 30. Ba3 h5 31. gxh5 Rh4 32. Bxd6 Bxd6 33. Rxd6 Rxd6
34. Rxd6 Rxh5 35. b6 Rb5 36. Kf1 Kf8 37. Ke2 Ke7 38. Rc6 Kd7 39. Rc7+ Ke6 40.
b7 g6 41. Kd3 f5 42. Kc4 Rb2 43. Kc5 Ke5 44. Kc6 Ke4 45. Rg7 Rc2+ 46. Kd6 Rd2+
47. Kc7 Rc2+ 48. Kd8 Rb2 49. Kc8 Kf3 50. Rxg6 1-0

[Event "China Elite Mind blitz (Women)"]
[Site "Huaian"]
[Date "2016.03.01"]
[Round "26"]
[White "Kosteniuk, Alexandra"]
[Black "Tan, Zhongyi"]
[Result "1-0"]
[WhiteElo "2554"]
[BlackElo "2504"]
[PlyCount "99"]
[EventDate "2016.02.28"]
[EventType "tourn (blitz)"]
[EventRounds "30"]
[EventCountry "CHN"]
[EventCategory "10"]
[SourceTitle "CBM 171 Extra"]
[Source "ChessBase"]
[SourceDate "2016.04.26"]
[SourceVersion "1"]
[SourceVersionDate "2016.04.26"]
[SourceQuality "1"]

1. e4 d6 2. d4 Nf6 3. Nc3 g6 4. Be3 a6 5. Nf3 Bg7 6. Qd2 b5 7. Bh6 O-O 8. Bd3
Nc6 9. Bxg7 Kxg7 10. e5 dxe5 11. dxe5 Ng4 12. O-O-O b4 13. Rhe1 Be6 14. Nb1 Bd5
15. Be4 Bxe4 16. Rxe4 Qxd2+ 17. Rxd2 h5 18. h3 Nh6 19. Rc4 Nd8 20. Rxb4 Ne6 21.
Nc3 c5 22. Rb7 Nf5 23. Nd5 Rfb8 24. Rxb8 Rxb8 25. c3 h4 26. b3 Rb7 27. Kc2 g5
28. a4 Kg6 29. a5 Rb5 30. b4 cxb4 31. cxb4 Rb7 32. Kc3 f6 33. exf6 exf6 34. Ne3
Nf4 35. Nxf5 Kxf5 36. Nd4+ Ke4 37. f3+ Ke5 38. Nc6+ Kf5 39. Kb3 Rc7 40. b5 axb5
41. Nd4+ Ke5 42. Nxb5 Rb7 43. Kc4 Rb8 44. a6 Ra8 45. a7 f5 46. Kc5 g4 47. fxg4
fxg4 48. hxg4 Ne6+ 49. Kb6 Rg8 50. Ra2 1-0

[Event "China Elite Mind blitz (Women)"]
[Site "Huaian"]
[Date "2016.03.01"]
[Round "27"]
[White "Mkrtchian, Lilit"]
[Black "Kosteniuk, Alexandra"]
[Result "0-1"]
[WhiteElo "2434"]
[BlackElo "2554"]
[PlyCount "75"]
[EventDate "2016.02.28"]
[EventType "tourn (blitz)"]
[EventRounds "30"]
[EventCountry "CHN"]
[EventCategory "10"]
[SourceTitle "CBM 171 Extra"]
[Source "ChessBase"]
[SourceDate "2016.04.26"]
[SourceVersion "1"]
[SourceVersionDate "2016.04.26"]
[SourceQuality "1"]

1. c4 e5 2. Nc3 Nf6 3. Nf3 Nc6 4. g3 Bc5 5. Bg2 d6 6. d3 O-O 7. O-O h6 8. Na4
Bb6 9. Nxb6 axb6 10. b3 Bg4 11. Bb2 Qd7 12. Re1 Bh3 13. Bh1 Ne7 14. e4 c5 15.
Nd2 Nc6 16. Nf1 Nd4 17. Ne3 b5 18. Bxd4 cxd4 19. Nd5 Nxd5 20. exd5 bxc4 21.
bxc4 Ra3 22. Qc2 f5 23. Qb2 Rxd3 24. c5 e4 25. cxd6 Rf6 26. Rac1 Rxd6 27. Rb1
Rxd5 28. Qxb7 Qxb7 29. Rxb7 Ra5 30. Rb2 Rda3 31. Rd2 d3 32. f3 Rxa2 33. Rxa2
Rxa2 34. fxe4 d2 35. Rb1 Bg4 36. exf5 Rb2 37. Bd5+ Kf8 38. Ra1 0-1

[Event "China Elite Mind blitz (Women)"]
[Site "Huaian"]
[Date "2016.03.01"]
[Round "28"]
[White "Kosteniuk, Alexandra"]
[Black "Ushenina, Anna"]
[Result "0-1"]
[WhiteElo "2554"]
[BlackElo "2450"]
[PlyCount "122"]
[EventDate "2016.02.28"]
[EventType "tourn (blitz)"]
[EventRounds "30"]
[EventCountry "CHN"]
[EventCategory "10"]
[SourceTitle "CBM 171 Extra"]
[Source "ChessBase"]
[SourceDate "2016.04.26"]
[SourceVersion "1"]
[SourceVersionDate "2016.04.26"]
[SourceQuality "1"]

1. e4 c5 2. Nf3 d6 3. d4 cxd4 4. Nxd4 Nf6 5. Nc3 a6 6. Be2 e5 7. Nb3 Be7 8. O-O
O-O 9. Re1 Be6 10. Bf3 Nbd7 11. a4 Qb8 12. a5 Rc8 13. Be3 Bd8 14. Be2 Rc6 15.
Bd3 b5 16. axb6 Bxb6 17. Bxb6 Rxb6 18. Na4 Rb4 19. Na5 Qc7 20. c3 Rbb8 21. b4
Nb6 22. Nxb6 Rxb6 23. Qd2 Rab8 24. Ra3 h6 25. h3 Nh5 26. Bf1 Nf4 27. h4 Qe7 28.
g3 Nh5 29. Nc4 Rc6 30. Ne3 Qb7 31. Rea1 Rb6 32. Nd5 Bxd5 33. Qxd5 Nf6 34. Qxb7
R8xb7 35. Bxa6 Rc7 36. Bd3 d5 37. Ra8+ Kh7 38. exd5+ e4 39. Bc2 Rxc3 40. R8a2
Rxb4 41. Rd1 Rbc4 42. Bb1 Rc1 43. Rad2 Rxd1+ 44. Rxd1 Kg8 45. d6 Nd7 46. Kf1
Kf8 47. Ke2 f5 48. h5 Ke8 49. Rd2 Nf6 50. Ba2 Rc5 51. Be6 Re5 52. Bb3 Nxh5 53.
Ba4+ Kd8 54. d7 Ra5 55. Rd4 Nf6 56. Rb4 Nxd7 57. Rd4 Ra7 58. Ke3 Ke7 59. Kf4 g6
60. g4 Nc5 61. Bc6 Ne6+ 0-1

[Event "China Elite Mind blitz (Women)"]
[Site "Huaian"]
[Date "2016.03.01"]
[Round "29"]
[White "Huang, Qian"]
[Black "Kosteniuk, Alexandra"]
[Result "0-1"]
[WhiteElo "2450"]
[BlackElo "2554"]
[PlyCount "104"]
[EventDate "2016.02.28"]
[EventType "tourn (blitz)"]
[EventRounds "30"]
[EventCountry "CHN"]
[EventCategory "10"]
[SourceTitle "CBM 171 Extra"]
[Source "ChessBase"]
[SourceDate "2016.04.26"]
[SourceVersion "1"]
[SourceVersionDate "2016.04.26"]
[SourceQuality "1"]

1. Nf3 d5 2. g3 Nf6 3. Bg2 Bf5 4. O-O e6 5. c4 c6 6. b3 Be7 7. Bb2 O-O 8. d3 h6
9. Nbd2 a5 10. a3 b5 11. Qc2 Qb6 12. e4 Bh7 13. Rfe1 Nbd7 14. Rac1 Rfd8 15.
cxd5 cxd5 16. Qc6 Qxc6 17. Rxc6 Nc5 18. Ne5 dxe4 19. d4 Nd3 20. Nxd3 exd3 21.
Rec1 Rab8 22. Ra6 a4 23. b4 Nd5 24. Bxd5 exd5 25. Rac6 Bf5 26. Re1 Be6 27. Nf3
Rdc8 28. Rec1 Rxc6 29. Rxc6 Bg4 30. Kg2 Bg5 31. Bc1 Bxf3+ 32. Kxf3 d2 33. Bxd2
Bxd2 34. Rc5 Bxb4 35. axb4 a3 36. Rc2 Ra8 37. Ra2 Ra4 38. Ke3 g5 39. h3 h5 40.
Kd3 g4 41. hxg4 hxg4 42. Kc3 Kg7 43. Kb3 Kg6 44. Kc3 Kf5 45. Kd3 Rxb4 46. Rxa3
Ra4 47. Rc3 Rc4 48. Ra3 b4 49. Ra7 Rc3+ 50. Ke2 f6 51. Rd7 Ke4 52. Rf7 f5 0-1

[Event "China Elite Mind blitz (Women)"]
[Site "Huaian"]
[Date "2016.03.01"]
[Round "30"]
[White "Kosteniuk, Alexandra"]
[Black "Harika, Dronavalli"]
[Result "1/2-1/2"]
[WhiteElo "2554"]
[BlackElo "2511"]
[PlyCount "96"]
[EventDate "2016.02.28"]
[EventType "tourn (blitz)"]
[EventRounds "30"]
[EventCountry "CHN"]
[EventCategory "10"]
[SourceTitle "CBM 171 Extra"]
[Source "ChessBase"]
[SourceDate "2016.04.26"]
[SourceVersion "1"]
[SourceVersionDate "2016.04.26"]
[SourceQuality "1"]

1. e4 e6 2. d4 d5 3. Nc3 Bb4 4. e5 c5 5. a3 Bxc3+ 6. bxc3 Ne7 7. h4 Nbc6 8. h5
h6 9. Qg4 Nf5 10. Bd3 O-O 11. Qh3 c4 12. Bxf5 exf5 13. Qg3 Kh7 14. Ne2 Qa5 15.
Kf1 Qa4 16. Ra2 Qb5 17. Rb2 Qa4 18. Qf3 Ne7 19. Rh3 b6 20. Rg3 Rg8 21. Qf4 Be6
22. Qh4 Rae8 23. Ke1 Bd7 24. Kd1 Qc6 25. Nf4 b5 26. Re3 a5 27. f3 Be6 28. g4
fxg4 29. fxg4 Qd7 30. Rg3 g5 31. hxg6+ Nxg6 32. Qxh6+ Kxh6 33. Nxe6+ Nf4 34.
Rh3+ Kg6 35. Nxf4+ Kg7 36. Nh5+ Kf8 37. Nf6 Qe6 38. Rxb5 Ke7 39. Rb7+ Kd8 40.
Rh7 Rxg4 41. Rhxf7 Rg1+ 42. Kd2 Rg2+ 43. Ke1 Kc8 44. Rfc7+ Kd8 45. Rd7+ Kc8 46.
Rdc7+ Kd8 47. Rd7+ Kc8 48. Rdc7+ Kd8 1/2-1/2

[Event "China Elite Mind Basque (Women)"]
[Site "Huaian"]
[Date "2016.03.03"]
[Round "5.2"]
[White "Zhao, Xue"]
[Black "Kosteniuk, Alexandra"]
[Result "1/2-1/2"]
[WhiteElo "2506"]
[BlackElo "2554"]
[PlyCount "123"]
[EventDate "2016.03.02"]
[EventType "swiss (rapid)"]
[EventRounds "5"]
[EventCountry "CHN"]
[SourceTitle "CBM 171 Extra"]
[Source "ChessBase"]
[SourceDate "2016.04.26"]
[SourceVersion "1"]
[SourceVersionDate "2016.04.26"]
[SourceQuality "1"]

1. b3 e5 2. Bb2 Nc6 3. e3 d5 4. Bb5 Bd6 5. Nf3 f6 6. c4 Nge7 7. Nc3 a6 8. Ba4
O-O 9. O-O Nb4 10. d4 e4 11. Ne1 Be6 12. a3 Nbc6 13. Bxc6 bxc6 14. c5 Bxh2+ 15.
Kxh2 f5 16. f4 Kh8 17. Rh1 Ng8 18. Kg1 Nf6 19. Qe2 Ng4 20. Nd1 g5 21. Nf2 gxf4
22. exf4 Rg8 23. Nc2 Rb8 24. b4 Rg6 25. Nxg4 Rxg4 26. Qf2 Qg8 27. Rh3 Rf8 28.
Ne3 Rg6 29. Bc3 Rf7 30. Be1 Rfg7 31. Qe2 Bc8 32. Bh4 Qf7 33. Qf2 Qe6 34. Bg5
Kg8 35. Kh2 h6 36. Bh4 Kf7 37. Rh1 Bd7 38. Kg1 Be8 39. Qe2 Qc8 40. Be1 Rh7 41.
Rh5 Bd7 42. R1h3 Kf6 43. Qf2 Qf8 44. Qh4+ Kg7 45. Rg3 Rxg3 46. Qxg3+ Kh8 47.
Qh3 Qg7 48. Qh4 Be8 49. Qd8 Qd7 50. Qf6+ Qg7 51. Qxg7+ Kxg7 52. Rxf5 Bd7 53.
Re5 Kf7 54. Bh4 Kf8 55. Be7+ Rxe7 56. Rh5 Kg7 57. Kf2 Rf7 58. Kg3 Rf6 59. Re5
Rf8 60. Kf2 Kf6 61. g4 Rb8 62. g5+ 1/2-1/2

[Event "SUI-chT"]
[Site "Switzerland"]
[Date "2016.04.17"]
[Round "2.1"]
[White "Kosteniuk, Alexandra"]
[Black "Stojanovic, Mihajlo"]
[Result "1/2-1/2"]
[WhiteElo "2553"]
[BlackElo "2509"]
[PlyCount "70"]
[EventDate "2016.03.20"]
[EventType "team-tourn"]
[EventRounds "9"]
[EventCountry "SUI"]
[SourceTitle "EXT 2017"]
[Source "ChessBase"]
[SourceDate "2016.10.25"]
[SourceVersion "1"]
[SourceVersionDate "2016.10.25"]
[SourceQuality "1"]
[WhiteTeam "Zuerich"]
[BlackTeam "Reti"]
[WhiteTeamCountry "SUI"]
[BlackTeamCountry "SUI"]

1. e4 e6 2. d4 d5 3. Nc3 Nf6 4. Bg5 dxe4 5. Nxe4 Be7 6. Bxf6 Bxf6 7. Nf3 Bd7 8.
Bc4 Bc6 9. Qd3 Bxe4 10. Qxe4 c6 11. O-O-O Nd7 12. h4 Qe7 13. g4 h6 14. Qf4 g6
15. g5 Bg7 16. Rhe1 O-O-O 17. Bb3 hxg5 18. hxg5 Rhf8 19. c4 Nb6 20. a3 Qc7 21.
Re4 Rd7 22. Rh1 Qxf4+ 23. Rxf4 Rh8 24. Rxh8+ Bxh8 25. Rh4 Rd8 26. Kc2 Bg7 27.
Ba2 Rh8 28. Rf4 Rf8 29. b4 Kd8 30. Re4 Rh8 31. Bb3 Rh3 32. Re3 Nc8 33. Kd2 Nd6
34. Ke2 Rh1 35. d5 exd5 1/2-1/2

[Event "SUI-chT"]
[Site "Switzerland"]
[Date "2016.05.22"]
[Round "3.4"]
[White "Schwaegli, Bruno"]
[Black "Kosteniuk, Alexandra"]
[Result "1/2-1/2"]
[WhiteElo "2276"]
[BlackElo "2537"]
[PlyCount "156"]
[EventDate "2016.03.20"]
[EventType "team-tourn"]
[EventRounds "9"]
[EventCountry "SUI"]
[SourceTitle "EXT 2017"]
[Source "ChessBase"]
[SourceDate "2016.10.25"]
[SourceVersion "1"]
[SourceVersionDate "2016.10.25"]
[SourceQuality "1"]
[WhiteTeam "Solothurn"]
[BlackTeam "Zuerich"]
[WhiteTeamCountry "SUI"]
[BlackTeamCountry "SUI"]

1. e4 c5 2. Nf3 Nc6 3. Nc3 d6 4. Bb5 Bd7 5. O-O g6 6. Re1 Bg7 7. d3 Nh6 8. h3
O-O 9. Be3 f5 10. Qd2 Nf7 11. Ng5 e6 12. Bxc6 bxc6 13. Nxf7 Rxf7 14. Bg5 Qf8
15. exf5 Rxf5 16. Nd1 d5 17. f3 e5 18. Nf2 h6 19. Bh4 h5 20. Bg5 Qb8 21. Rab1
Qb5 22. c4 Qa6 23. b3 Re8 24. Rbc1 Bf8 25. Be3 Qa3 26. Rc2 Rc8 27. Qc1 Qb4 28.
Bd2 Qb8 29. Bc3 Kh7 30. Rce2 Re8 31. Qb2 Bd6 32. Nd1 Rg5 33. Qc1 Rg3 34. Nf2 e4
35. dxe4 d4 36. e5 Bxe5 37. Bd2 d3 38. Rxe5 Rxe5 39. Rxe5 Qxe5 40. Bf4 Qe2 41.
Bxg3 d2 42. Qc3 Qxf2+ 43. Bxf2 d1=Q+ 44. Kh2 Qd6+ 45. Bg3 Qe7 46. Qd2 Bf5 47.
Bd6 Qe6 48. Qf4 g5 49. Qd2 g4 50. fxg4 hxg4 51. h4 Qh6 52. Qxh6+ Kxh6 53. Bxc5
Bb1 54. a3 a6 55. Kg3 Kh5 56. Bf2 Ba2 57. b4 Bxc4 58. Kf4 Bf1 59. g3 Bb5 60.
Kf5 Bd3+ 61. Kf6 Bc2 62. Be3 Ba4 63. Ke6 Kg6 64. Kd6 Kf5 65. h5 Kf6 66. Kc5 Kf5
67. Kd6 Kf6 68. Kc7 Ke6 69. Bg5 Kf7 70. Kd6 Kg7 71. Ke6 Bc2 72. Ke5 Kh7 73. Kf4
Bd1 74. Kf5 Kg7 75. Be3 Kg8 76. Kg6 Bc2+ 77. Kg5 Bd1 78. Kg6 Bc2+ 1/2-1/2

[Event "SUI-chT"]
[Site "Switzerland"]
[Date "2016.10.08"]
[Round "8.3"]
[White "Atlas, Valeri"]
[Black "Kosteniuk, Alexandra"]
[Result "0-1"]
[WhiteElo "2456"]
[BlackElo "2553"]
[PlyCount "83"]
[EventDate "2016.03.20"]
[EventType "team-tourn"]
[EventRounds "9"]
[EventCountry "SUI"]
[SourceTitle "EXT 2017"]
[Source "ChessBase"]
[SourceDate "2016.10.25"]
[SourceVersion "1"]
[SourceVersionDate "2016.10.25"]
[SourceQuality "1"]
[WhiteTeam "Luzern"]
[BlackTeam "Zuerich"]
[WhiteTeamCountry "SUI"]
[BlackTeamCountry "SUI"]

1. e4 e5 2. Nf3 Nc6 3. Bc4 Bc5 4. d3 Nf6 5. O-O O-O 6. Nbd2 d5 7. Bb5 Nd4 8.
Nxd4 Bxd4 9. c3 Bb6 10. h3 c6 11. Ba4 Qd6 12. Re1 Rd8 13. Qf3 Nd7 14. Nf1 Nf8
15. Ne3 Ng6 16. Nf5 Qf6 17. Nh6+ Kf8 18. Qxf6 gxf6 19. Ng4 Ke7 20. Bh6 Rg8 21.
exd5 cxd5 22. d4 Nh4 23. f3 Rg6 24. Be3 h5 25. Bf2 hxg4 26. Bxh4 gxf3 27. Rxe5+
Be6 28. g3 Rh8 29. Kf2 Rxh4 30. Rxe6+ fxe6 31. gxh4 e5 32. Kxf3 e4+ 33. Kf2 f5
34. h5 Rg5 35. Bd1 Bc7 36. Be2 Bg3+ 37. Kg2 Bh4+ 38. Kh2 f4 39. Rf1 f3 40. Bxf3
exf3 41. Rxf3 Rxh5 42. Kg2 0-1

[Event "SUI-chT"]
[Site "Switzerland"]
[Date "2016.10.09"]
[Round "9.3"]
[White "Kosteniuk, Alexandra"]
[Black "Riff, Jean Noel"]
[Result "1/2-1/2"]
[WhiteElo "2553"]
[BlackElo "2514"]
[PlyCount "60"]
[EventDate "2016.03.20"]
[EventType "team-tourn"]
[EventRounds "9"]
[EventCountry "SUI"]
[SourceTitle "EXT 2017"]
[Source "ChessBase"]
[SourceDate "2016.10.25"]
[SourceVersion "1"]
[SourceVersionDate "2016.10.25"]
[SourceQuality "1"]
[WhiteTeam "Zuerich"]
[BlackTeam "Geneve"]
[WhiteTeamCountry "SUI"]
[BlackTeamCountry "SUI"]

1. e4 c5 2. Nf3 d6 3. d4 cxd4 4. Nxd4 Nf6 5. Nc3 e6 6. g4 h6 7. h3 a6 8. Bg2
Nc6 9. Be3 Be7 10. Qe2 Nxd4 11. Bxd4 e5 12. Be3 Be6 13. O-O-O Rc8 14. Nd5 Nxd5
15. exd5 Bd7 16. Be4 O-O 17. Rdg1 Bg5 18. h4 Bxe3+ 19. Qxe3 f5 20. gxf5 Bxf5
21. Bxf5 Rxf5 22. Qxh6 Rf7 23. Qe6 Kf8 24. c3 Rf6 25. Qg4 Rc7 26. h5 Rcf7 27.
Qg5 Qb6 28. h6 gxh6 29. Qg8+ Ke7 30. Qc8 Qb5 1/2-1/2

[Event "Chess Supersite Launch"]
[Site "Chess Supersite INT"]
[Date "2016.03.26"]
[Round "1.1"]
[White "Krush, Irina"]
[Black "Kosteniuk, Alexandra"]
[Result "1-0"]
[WhiteElo "2465"]
[BlackElo "2553"]
[PlyCount "123"]
[EventDate "2016.03.26"]
[EventType "k.o. (rapid)"]
[EventRounds "2"]
[EventCountry "USA"]
[SourceTitle "CBM 171 Extra"]
[Source "ChessBase"]
[SourceDate "2016.04.26"]
[SourceVersion "1"]
[SourceVersionDate "2016.04.26"]
[SourceQuality "1"]

1. c4 Nf6 2. Nc3 e5 3. g3 Nc6 4. Bg2 Bc5 5. a3 a6 6. e3 O-O 7. Nge2 Ba7 8. O-O
d6 9. d4 Re8 10. h3 h6 11. b4 exd4 12. exd4 Bf5 13. Be3 Qc8 14. g4 Bh7 15. Ng3
Bg6 16. Rc1 Ne7 17. Qd2 d5 18. c5 c6 19. Bf4 h5 20. f3 Bb8 21. Be5 hxg4 22.
hxg4 Nh7 23. Rfe1 Qd7 24. Na4 Nc8 25. Bxb8 Rxb8 26. Rxe8+ Qxe8 27. Re1 Qd8 28.
f4 f6 29. Qe3 Kf8 30. Kf2 Qe8 31. Qd2 Qd7 32. Bf3 Ne7 33. Nb6 Qc7 34. a4 Nc8
35. Nxc8 Rxc8 36. b5 axb5 37. axb5 Ra8 38. b6 Qd7 39. Qb2 Kg8 40. Re3 Nf8 41.
Qe2 Ra4 42. Re7 Qc8 43. Rc7 Qd8 44. Qe3 Bf7 45. Rxb7 Be6 46. Ra7 Rxa7 47. bxa7
Qa5 48. f5 Bd7 49. Qe7 Qd2+ 50. Ne2 Qa2 51. g5 Qxa7 52. Bh5 Qb8 53. Qf7+ Kh8
54. gxf6 gxf6 55. Qxf6+ Kh7 56. Ke3 Qb3+ 57. Kf4 Qb8+ 58. Kg5 Bxf5 59. Qxf5+
Kg7 60. Qf6+ Kh7 61. Nf4 Qd8 62. Bg6+ 1-0

[Event "Chess Supersite Launch"]
[Site "Chess Supersite INT"]
[Date "2016.03.26"]
[Round "1.2"]
[White "Krush, Irina"]
[Black "Kosteniuk, Alexandra"]
[Result "0-1"]
[WhiteElo "2465"]
[BlackElo "2553"]
[PlyCount "64"]
[EventDate "2016.03.26"]
[EventType "k.o. (rapid)"]
[EventRounds "2"]
[EventCountry "USA"]
[SourceTitle "CBM 171 Extra"]
[Source "ChessBase"]
[SourceDate "2016.04.26"]
[SourceVersion "1"]
[SourceVersionDate "2016.04.26"]
[SourceQuality "1"]

1. c4 Nf6 2. Nc3 e5 3. g3 d5 4. cxd5 Nxd5 5. Bg2 Nb6 6. Nf3 Nc6 7. O-O Be7 8.
a3 O-O 9. d3 Be6 10. Be3 a5 11. Rc1 f5 12. Na4 Nd7 13. Nd2 Nf6 14. Nc5 Bxc5 15.
Bxc5 Re8 16. Nc4 Bd5 17. f3 f4 18. Nd2 b6 19. Bf2 Nd4 20. e3 fxe3 21. Bxe3 c5
22. Ne4 Nxe4 23. dxe4 Bb3 24. Qd2 a4 25. f4 Qe7 26. fxe5 Qxe5 27. Bf4 Qe6 28.
e5 Rad8 29. Qe3 h6 30. h4 Nf5 31. Qf2 Nd4 32. Bh3 Qxh3 0-1

[Event "Chess Supersite Launch"]
[Site "Chess Supersite INT"]
[Date "2016.03.26"]
[Round "2.1"]
[White "So, Wesley"]
[Black "Kosteniuk, Alexandra"]
[Result "1/2-1/2"]
[WhiteElo "2773"]
[BlackElo "2553"]
[PlyCount "143"]
[EventDate "2016.03.26"]
[EventType "k.o. (rapid)"]
[EventRounds "2"]
[EventCountry "USA"]
[SourceTitle "CBM 171 Extra"]
[Source "ChessBase"]
[SourceDate "2016.04.26"]
[SourceVersion "1"]
[SourceVersionDate "2016.04.26"]
[SourceQuality "1"]

1. e4 c5 2. Nf3 Nc6 3. d4 cxd4 4. Nxd4 Nf6 5. Nc3 d6 6. Bg5 e6 7. Qd2 a6 8.
O-O-O h6 9. Nxc6 bxc6 10. Bf4 d5 11. Qe3 Bb4 12. Be2 O-O 13. e5 Nh7 14. h4 Qa5
15. Rh3 Bc5 16. Qd2 Ra7 17. Bd3 f5 18. exf6 Nxf6 19. Rf3 Ng4 20. Bg3 Rb7 21.
Rxf8+ Bxf8 22. Qf4 Nf6 23. Qa4 Qb6 24. Qb3 Qc5 25. Qa4 Rb4 26. Qa3 Qb6 27. Ne2
c5 28. c3 Rg4 29. c4 dxc4 30. Bc2 Rd4 31. Qc3 Nd5 32. Qf3 Rxd1+ 33. Bxd1 Nb4
34. Bc2 Nxa2+ 35. Kb1 Nb4 36. Bg6 Qb7 37. Be4 Qd7 38. Nc3 Nd3 39. Qg4 Qf7 40.
Qe2 Bb7 41. Bxb7 Qxb7 42. Qxe6+ Kh8 43. Qe2 Qxg2 44. Nd1 Qh1 45. Kc2 Nb4+ 46.
Kc1 Nd3+ 47. Kc2 Qc6 48. Nc3 Qb7 49. Kb1 Be7 50. h5 Qd7 51. Qe4 Nb4 52. Qxc4
Qf5+ 53. Qe4 Qxh5 54. Be5 Qg5 55. Ne2 Bf6 56. f4 Qh5 57. Bxf6 gxf6 58. Kc1 Qf7
59. f5 Kh7 60. Nf4 Qd7 61. Nh5 Qf7 62. Nf4 h5 63. Qe2 c4 64. Qxh5+ Qxh5 65.
Nxh5 Nd5 66. Kd2 Kh6 67. Nxf6 Nxf6 68. Kc3 Kg5 69. Kxc4 Kxf5 70. Kb4 Nd7 71.
Ka5 Nb8 72. b4 1/2-1/2

[Event "Chess Supersite Launch"]
[Site "Chess Supersite INT"]
[Date "2016.03.26"]
[Round "2.2"]
[White "Kosteniuk, Alexandra"]
[Black "So, Wesley"]
[Result "0-1"]
[WhiteElo "2553"]
[BlackElo "2773"]
[PlyCount "126"]
[EventDate "2016.03.26"]
[EventType "k.o. (rapid)"]
[EventRounds "2"]
[EventCountry "USA"]
[SourceTitle "CBM 171 Extra"]
[Source "ChessBase"]
[SourceDate "2016.04.26"]
[SourceVersion "1"]
[SourceVersionDate "2016.04.26"]
[SourceQuality "1"]

1. e4 c5 2. Nf3 d6 3. d4 cxd4 4. Nxd4 Nf6 5. Nc3 a6 6. Be2 e5 7. Nb3 Be7 8. O-O
O-O 9. Re1 Be6 10. Bf3 Nbd7 11. a4 Rc8 12. a5 Rc4 13. Be3 Qc7 14. Nd2 Rc6 15.
Nf1 Rc8 16. h3 Qb8 17. Bg5 h6 18. Be3 Bd8 19. Re2 b6 20. axb6 Nxb6 21. Nd5 Nc4
22. b3 Nxe3 23. Ndxe3 a5 24. Ng3 g6 25. c4 Qb4 26. Ra4 Qb6 27. Nd5 Bxd5 28.
exd5 R6c7 29. Rea2 Rb7 30. R4a3 Kg7 31. Qa1 Qc5 32. Ne2 Rcb8 33. Nc1 Kh7 34.
Nd3 Qc8 35. Bd1 Qf5 36. Qc3 e4 37. Nc1 Bb6 38. Qg3 e3 39. fxe3 Ne4 40. Qf3 Qxf3
41. Bxf3 Bxe3+ 42. Kh2 Bf4+ 43. Kg1 Bxc1 44. Bxe4 Bxa3 45. Rxa3 Rxb3 46. Rxa5
Rc3 47. Ra6 Rxc4 48. Bf3 Rd8 49. Kf2 h5 50. Kg3 h4+ 51. Kf2 Kh6 52. Ke3 Kg5 53.
Kd3 Rc7 54. Ra4 f5 55. Ke3 Re8+ 56. Kd2 Rb7 57. Ra6 Rd8 58. Ke3 Rb3+ 59. Kf2
Kf6 60. Ra4 g5 61. Ra7 Rc8 62. Rh7 Rc2+ 63. Kg1 Rb1+ 0-1